000 00526nam a2200181Ia 4500
003 GCL
008 140319s9999 xx 000 0 ara d
040 _aGCL /
_cGCL
082 0 4 _a270
_bر م
100 1 _aروجية نمارودى
245 1 0 _aمن اللعنة الى الحوار /
_cروجية نمارودى
700 1 _aالياس مرقص
260 _a[S.N] :
_bدار الحقيقة للطباعة والنشر ،
_c1980
300 _a112 ص
490 _a
650 0 4 _aالماركسية
942 _2ddc
_cBK
999 _c54722
_d54722